000 00690nam a22001937a 4500
005 20260408132600.0
008 260408b |||||||| |||| 00| 0 eng d
040 _aLC
_cUNZA
_dUNZA
_eRDA
050 _aZAMB BV3500
_bDUP 1930
100 _aDu Plessis, Johannes
245 _aThe evangelisation of pagan Africa :
_ba history of Christian missions to the pagan tribes of central Africa /
_c J. Du Plessis.
260 _aCape Town:
_bJ.C. Juta and company Limitted,
_c1932.
300 _axii, 408 pages.
504 _aIncludes bibliographical references.
650 _aMissions
_xAfrica,Central
650 _aMissions
_xAfrica, East
650 _aMissions
_zAfrica, West.
942 _cZAMBIANA
999 _c216560
_d216560